| 000 | 00480nam a2200169Ia 4500 | ||
|---|---|---|---|
| 999 |
_c29798 _d29798 |
||
| 003 | OSt | ||
| 005 | 20210107101252.0 | ||
| 008 | 190216s9999||||xx |||||||||||||| ||und|| | ||
| 040 | _coclc | ||
| 082 |
_a894.812301 _bPAD/A |
||
| 100 |
_aPadmini, P G _98223 |
||
| 245 | 0 |
_aAadivasikathakal / _cP G Padmini |
|
| 260 |
_bSamayam Publications, _c2008. _aKannur: |
||
| 300 | _a111p | ||
| 650 | _aKathakal | ||
| 942 |
_cBK _2ddc _h894.812301 _iPAD/A _k894.812301 _mPAD/A |
||